[Event "Open Nord 2015/2016"]
[Site "Meyreuil"]
[Date "2015.10.09"]
[Round "2.13"]
[White "Pietrac, Christian"]
[Black "Bouriel, Michel"]
[Result "0-1"]
[WhiteElo "1232"]
[BlackElo "1465"]
[PlyCount "130"]

1. Nf3 c5 2. b3 Nf6 3. g3 g6 4. Bb2 Bg7 5. d3 O-O 6. Bg2 d6 7. O-O Nc6 8. Nbd2
Rb8 9. a4 Bg4 10. h3 Bf5 11. e4 Be6 12. Re1 Qc8 13. e5 dxe5 14. Nxe5 Re8 15.
Nxc6 bxc6 16. Kh2 Bd5 17. Rb1 Qf5 18. Qe2 h6 19. Be5 Rbd8 20. c4 Bxg2 21. Kxg2
Qxd3 22. Qxd3 Rxd3 23. Nf3 Red8 24. Bc7 Re8 25. Ne5 Rd2 26. Nxc6 Rd7 27. Bf4
Nh5 28. Be5 f6 29. Bb8 a6 30. Ba7 Kf8 31. Bxc5 Rc7 32. Bxe7+ Kf7 33. Nd8+ Kg8
34. Kf3 Rcxe7 35. Rxe7 Rxe7 36. g4 Rd7 37. gxh5 Rxd8 38. hxg6 Rd3+ 39. Kg2 Bf8
40. h4 h5 41. b4 Ra3 42. c5 Rxa4 43. c6 Bd6 44. f3 Bc7 45. Re1 Rxb4 46. Re8+
Kg7 47. Re7+ Kxg6 48. Rxc7 Rxh4 49. Ra7 Rc4 50. Rxa6 Kf7 51. Ra7+ Ke8 52. Ra8+
Ke7 53. Ra7+ Kd6 54. c7 Rxc7 55. Rxc7 Kxc7 56. Kg3 Kd6 57. f4 Ke6 58. Kh4 Kf5
59. Kg3 Ke4 60. Kh4 Kxf4 61. Kxh5 f5 62. Kh4 Ke3 63. Kg3 f4+ 64. Kg2 Ke2 65.
Kg1 f3 0-1

[Event "Open Nord 2015/2016"]
[Site "Meyreuil"]
[Date "2015.10.09"]
[Round "2.14"]
[White "Schoeni, Christine"]
[Black "Lupinacci, Patrick"]
[Result "0-1"]
[WhiteElo "1120"]
[BlackElo "1440"]
[PlyCount "66"]

1. d4 Nf6 2. c4 e6 3. Nc3 d5 4. c5 b6 5. b4 bxc5 6. bxc5 Ba6 7. Nf3 Be7 8. Bg5
O-O 9. Qd2 Ne4 10. Bxe7 Qxe7 11. Nxe4 dxe4 12. Ne5 f6 13. Ng4 h5 14. Ne3 f5 15.
f4 Rd8 16. Qb2 Nc6 17. Rd1 Rab8 18. Qc3 Nb4 19. a3 Nd5 20. Nxd5 exd5 21. e3
Bxf1 22. Kxf1 c6 23. Qc2 Rb7 24. Rb1 Rdb8 25. Kf2 g5 26. Rxb7 Rxb7 27. Rb1 gxf4
28. Rxb7 fxe3+ 29. Ke2 Qxb7 30. h4 f4 31. a4 Qb4 32. Qd1 Qb2+ 33. Kf1 Qf2# 0-1

[Event "Open Nord 2015/2016"]
[Site "Meyreuil"]
[Date "2015.10.09"]
[Round "2.15"]
[White "Ribelles, Anthony"]
[Black "Salvi, Angele"]
[Result "1-0"]
[WhiteElo "1415"]
[BlackElo "1027"]
[PlyCount "81"]

1. e4 c5 2. Nf3 d6 3. d4 cxd4 4. Nxd4 Nf6 5. Nc3 a6 6. Be3 e5 7. Nb3 Be6 8. f3
Be7 9. Qd2 Nbd7 10. g4 Nb6 11. g5 Nfd7 12. O-O-O Nc4 13. Bxc4 Bxc4 14. Nd5 Bf8
15. Kb1 Rc8 16. f4 f6 17. h4 Nc5 18. Nxc5 dxc5 19. gxf6 gxf6 20. Nxf6+ Ke7 21.
Qc3 Qc7 22. Rd7+ Qxd7 23. Nxd7 Be6 24. Qxe5 Rg8 25. Nxc5 Rg6 26. f5 Bg7 27. f6+
Rxf6 28. Bg5 Kf7 29. Bxf6 Re8 30. Qh5+ Kf8 31. Bxg7+ Ke7 32. Nxe6 Rc8 33. Qe5
b5 34. Ng5+ Kd7 35. Rd1+ Kc6 36. Rd6+ Kb7 37. Rd7+ Kb6 38. b4 a5 39. Rd6+ Kb7
40. Qxb5+ Kc7 41. Qb6# 1-0

[Event "Open Nord 2015/2016"]
[Site "Meyreuil"]
[Date "2015.11.06"]
[Round "3.1"]
[White "Graells, Christian"]
[Black "Vialette, Eric"]
[Result "1-0"]
[WhiteElo "1565"]
[BlackElo "1686"]
[PlyCount "39"]

1. e4 d5 2. exd5 Nf6 3. d4 Bg4 4. Nf3 Qxd5 5. Be2 Nc6 6. c4 Qf5 7. h3 Bxf3 8.
Bxf3 Qe6+ 9. Be2 Qe4 10. Be3 Rd8 11. O-O Nxd4 12. Nd2 Nxe2+ 13. Qxe2 Qe5 14.
Nf3 Qe4 15. Rad1 h6 16. Rxd8+ Kxd8 17. Qd2+ Nd7 18. Rd1 Qe6 19. Ne5 Qd6 20.
Nxf7+ 1-0

[Event "Open Nord 2015/2016"]
[Site "Meyreuil"]
[Date "2015.11.06"]
[Round "3.2"]
[White "Tchifteyan, Philippe"]
[Black "Corrias, Robert"]
[Result "1-0"]
[WhiteElo "1685"]
[BlackElo "1600"]
[PlyCount "100"]

1. e4 d6 2. d4 Nf6 3. Bd3 e5 4. d5 Nbd7 5. c4 Be7 6. Nc3 O-O 7. Nge2 Nc5 8. Bc2
a5 9. Ng3 Bd7 10. O-O b6 11. f4 h6 12. f5 Nh7 13. Qg4 Bg5 14. Nh5 g6 15. Ng3
Bxc1 16. Raxc1 Qg5 17. Qxg5 Nxg5 18. h4 Nh7 19. Rf3 Kg7 20. Nf1 g5 21. Ne3 f6
22. Rh3 Rfb8 23. a4 Na6 24. Kf2 Nb4 25. Bb1 gxh4 26. Rxh4 Ng5 27. Nb5 Na6 28.
Rch1 Rh8 29. Ng4 Nf7 30. Bd3 Bxb5 31. cxb5 Nc5 32. Bc2 Rh7 33. Ke3 Rah8 34. Nf2
h5 35. Nd3 Nh6 36. Bd1 Ng4+ 37. Bxg4 hxg4 38. Rxg4+ Kf7 39. Rxh7+ Rxh7 40. Nxc5
dxc5 41. Rg3 Rg7 42. Rxg7+ Kxg7 43. Kf3 Kh6 44. Kg4 Kg7 45. Kh5 Kh7 46. b3 Kg7
47. g4 Kh7 48. g5 fxg5 49. Kxg5 Kg7 50. f6+ Kf7 1-0

[Event "Open Nord 2015/2016"]
[Site "Meyreuil"]
[Date "2015.11.06"]
[Round "3.3"]
[White "Mignemi, Denis"]
[Black "Schiano-Lomoriello, Didier"]
[Result "0-1"]
[WhiteElo "1607"]
[BlackElo "1580"]
[PlyCount "56"]

1. d4 Nf6 2. c4 g6 3. f3 d5 4. cxd5 Nxd5 5. e4 Nb6 6. Be3 Bg7 7. Nc3 O-O 8. Qd2
Nc6 9. d5 Ne5 10. b3 f5 11. Bd3 Nxd3+ 12. Qxd3 fxe4 13. fxe4 e6 14. Bxb6 axb6
15. Nf3 exd5 16. exd5 Bf5 17. Qd2 Qe7+ 18. Kf1 Qb4 19. Rc1 Bg4 20. Qd3 Bxc3 21.
Rxc3 Rxa2 22. d6 Ra1+ 23. Kf2 Ra2+ 24. Rc2 Rxc2+ 25. Qxc2 Qd4+ 26. Kg3 Qf4+ 27.
Kf2 Bxf3 28. gxf3 Qxf3+ 0-1

[Event "Open Nord 2015/2016"]
[Site "Meyreuil"]
[Date "2015.11.06"]
[Round "3.4"]
[White "Vacher Coponat, Sebastien"]
[Black "Amoros, Jean"]
[Result "0-1"]
[WhiteElo "1520"]
[BlackElo "1469"]
[PlyCount "91"]

1. e4 d5 2. exd5 Nf6 3. Nc3 Nxd5 4. Nxd5 Qxd5 5. Nf3 Bg4 6. Be2 Nc6 7. O-O
O-O-O 8. d3 e5 9. Ng5 Bxe2 10. Qxe2 f6 11. Qg4+ Kb8 12. Ne6 Re8 13. Nxf8 Rexf8
14. Qe4 Qd6 15. b4 Qxb4 16. Qxb4 Nxb4 17. Ba3 c5 18. Bxb4 cxb4 19. Rab1 a5 20.
a3 bxa3 21. Rb3 Ka7 22. Ra1 b6 23. Rbxa3 Rc8 24. c4 Rhd8 25. f3 Rd4 26. Rb1 Ka6
27. Rab3 Rd6 28. Kf2 g5 29. Ke3 f5 30. Rb5 Re6 31. Rd5 h5 32. Rbb5 Rc5 33.
Rbxc5 bxc5 34. Rxc5 a4 35. Kd2 a3 36. Kc3 Rb6 37. Rxe5 a2 38. Re1 Rb1 39. Re6+
Ka5 40. Re5+ Ka4 41. Kd4 a1=Q+ 42. Kd5 Qc3 43. Re8 Qxd3+ 44. Kc5 Rb4 45. Ra8+
Kb3 46. Kc6 0-1

[Event "Open Nord 2015/2016"]
[Site "Meyreuil"]
[Date "2015.11.06"]
[Round "3.5"]
[White "Salvi, Michel"]
[Black "Jean, Nicolas"]
[Result "0-1"]
[WhiteElo "1706"]
[BlackElo "1916"]
[PlyCount "50"]

1. e4 c6 2. d4 d5 3. Nc3 dxe4 4. Nxe4 Bf5 5. Ng3 Bg6 6. h4 h6 7. Nh3 e6 8. Nf4
Bh7 9. Be3 Nf6 10. Bd3 Bxd3 11. Qxd3 Bd6 12. O-O-O Nbd7 13. Kb1 Qc7 14. Nge2
O-O-O 15. f3 Rhe8 16. c4 e5 17. dxe5 Nxe5 18. Qb3 Nxc4 19. Bxa7 b5 20. Rxd6
Rxd6 21. Qb4 Qxa7 22. Rc1 Qd7 23. a4 Rd2 24. Ka1 Rxb2 25. Qc5 Ra2+ 0-1

[Event "Open Nord 2015/2016"]
[Site "Meyreuil"]
[Date "2015.11.06"]
[Round "3.6"]
[White "Mamah, Isabelle"]
[Black "Ribelles, Anthony"]
[Result "1-0"]
[WhiteElo "1796"]
[BlackElo "1415"]
[PlyCount "53"]

1. e4 e5 2. Nf3 Nc6 3. Bc4 Bc5 4. c3 Nf6 5. d4 exd4 6. cxd4 Bb4+ 7. Bd2 Nxe4 8.
Bxb4 Nxb4 9. Bxf7+ Kxf7 10. Qb3+ d5 11. Ne5+ Ke6 12. Qxb4 c5 13. Qa4 Qb6 14.
O-O Qxb2 15. Na3 Qxd4 16. Qxd4 cxd4 17. Nd3 Kf7 18. Nb5 Bd7 19. Nxd4 Rhc8 20.
Rfe1 Kg8 21. f3 Nf6 22. Ne5 Re8 23. Rab1 Bc6 24. Nexc6 bxc6 25. Nxc6 Rxe1+ 26.
Rxe1 Rc8 27. Ne7+ 1-0

[Event "Open Nord 2015/2016"]
[Site "Meyreuil"]
[Date "2015.11.06"]
[Round "3.7"]
[White "Lupinacci, Patrick"]
[Black "Andriamandimbisoa, Mathieu"]
[Result "0-1"]
[WhiteElo "1440"]
[BlackElo "1722"]
[PlyCount "80"]

1. Nf3 g6 2. e4 d6 3. d4 Nf6 4. Nc3 Bg7 5. h3 O-O 6. Be2 c5 7. Be3 cxd4 8. Nxd4
Nbd7 9. O-O Nc5 10. Bf3 Nfd7 11. Nde2 Ne5 12. Nd4 Nc4 13. Qc1 Qb6 14. Nd1 Nxe3
15. fxe3 Nd7 16. c3 e5 17. Nc2 Nc5 18. Nf2 Be6 19. Nb4 Bh6 20. Re1 a5 21. Nd5
Bxd5 22. exd5 f5 23. Qc2 e4 24. Bd1 Nd7 25. Qe2 Ne5 26. Kh1 Rfc8 27. Bc2 Qxb2
28. Bb3 Qxe2 29. Rxe2 Rxc3 30. Nd1 Rc5 31. Nb2 b5 32. Rd1 Rac8 33. Rdd2 Rc3 34.
Nd1 Rd3 35. Rxd3 Nxd3 36. Bc2 Nb4 37. Bb3 a4 38. a3 axb3 39. axb4 Rc1 40. Re1
b2 0-1

[Event "Open Nord 2015/2016"]
[Site "Meyreuil"]
[Date "2015.11.06"]
[Round "3.8"]
[White "Bouriel, Michel"]
[Black "Cens, Alain"]
[Result "1-0"]
[WhiteElo "1465"]
[BlackElo "1670"]
[PlyCount "57"]

1. c4 e5 2. d3 d6 3. Nc3 f5 4. Nf3 Nf6 5. g3 Be7 6. Bg2 O-O 7. O-O Qe8 8. Nb5
Na6 9. Qb3 Kh8 10. Be3 c6 11. Nxa7 Ng4 12. Nxc8 Qxc8 13. Bg5 Nc5 14. Qc2 Nf6
15. Nh4 Ne6 16. Bd2 Nh5 17. Bf3 Nd4 18. Qd1 Nxf3+ 19. Nxf3 f4 20. e3 fxg3 21.
fxg3 Qe6 22. Kg2 Rf7 23. e4 h6 24. a3 Raf8 25. Qe2 Qg4 26. Rae1 Nxg3 27. hxg3
h5 28. Nh2 Qxe2+ 29. Rxe2 1-0

[Event "Open Nord 2015/2016"]
[Site "Meyreuil"]
[Date "2015.11.06"]
[Round "3.9"]
[White "Renoulet, Francoise"]
[Black "Perdiolat, Francis"]
[Result "0-1"]
[WhiteElo "1020"]
[BlackElo "1516"]
[PlyCount "44"]

1. c4 Nf6 2. Nc3 g6 3. d3 Bg7 4. e4 d6 5. g3 O-O 6. Bg2 Nc6 7. Nge2 e5 8. Be3
a6 9. O-O Rb8 10. a3 Be6 11. b4 b5 12. a4 bxc4 13. b5 axb5 14. Nxb5 Ng4 15. Qd2
cxd3 16. Nec3 Nxe3 17. Qxe3 Bc4 18. Nd5 Bxb5 19. Rfb1 Ba6 20. Qc1 Nd4 21. Rb2
Rxb2 22. Nxc7 Ne2+ 0-1

[Event "Open Nord 2015/2016"]
[Site "Meyreuil"]
[Date "2015.11.06"]
[Round "3.10"]
[White "Andonian, Pierre"]
[Black "Hidreau, Olivier"]
[Result "1-0"]
[WhiteElo "1495"]
[BlackElo "1440"]
[PlyCount "81"]

1. Nf3 Nf6 2. d3 e6 3. e4 d5 4. e5 Nfd7 5. d4 Be7 6. c4 c6 7. Nc3 f6 8. cxd5
cxd5 9. Bb5 O-O 10. O-O Qc7 11. a3 fxe5 12. Nxe5 Nxe5 13. dxe5 Qxe5 14. Be3 a6
15. Bd4 Qc7 16. Bd3 Bf6 17. Bxf6 Rxf6 18. Rc1 Nc6 19. Bb1 Rh6 20. f4 Qf7 21.
Ne2 Qh5 22. h3 Qf7 23. Qd3 Bd7 24. Ng3 Rf6 25. Qxh7+ Kf8 26. Qh8+ Qg8 27. Qh5
Be8 28. Qf3 Nd4 29. Qc3 Nc6 30. Qc5+ Ne7 31. f5 Bc6 32. Rce1 Ke8 33. fxe6 Rxe6
34. Rxe6 Qxe6 35. Bf5 Qe5 36. Qf2 Bd7 37. Re1 Qd6 38. Bb1 Qf6 39. Nf5 Bxf5 40.
Bxf5 Rd8 41. Re6 1-0

[Event "Open Nord 2015/2016"]
[Site "Meyreuil"]
[Date "2015.11.06"]
[Round "3.11"]
[White "Pelopidas, Florian"]
[Black "Husson, Etienne"]
[Result "1-0"]
[WhiteElo "1454"]
[BlackElo "1090"]
[PlyCount "43"]

1. d4 d5 2. c4 e6 3. Nc3 Be7 4. cxd5 exd5 5. Bf4 a6 6. e3 Bf5 7. Qb3 Nf6 8.
Qxb7 Nbd7 9. Qxc7 O-O 10. Qxd8 Rfxd8 11. Nf3 Rdc8 12. Kd2 Ne4+ 13. Nxe4 dxe4
14. Ne5 f6 15. Nxd7 Bxd7 16. a3 Be6 17. Be2 Rc6 18. Rhc1 Rac8 19. Rxc6 Rxc6 20.
Rc1 Rb6 21. b4 g5 22. Bc7 1-0

[Event "Open Nord 2015/2016"]
[Site "Meyreuil"]
[Date "2015.11.06"]
[Round "3.12"]
[White "Lemarchand, Fabien"]
[Black "Fastier, Adrien"]
[Result "1-0"]
[WhiteElo "1399"]
[BlackElo "1199"]
[PlyCount "67"]

1. e4 e6 2. Nc3 d5 3. g3 c5 4. Bg2 Nf6 5. e5 Nfd7 6. f4 f5 7. Nf3 b6 8. Nh4 Bb7
9. Qh5+ g6 10. Nxg6 hxg6 11. Qxh8 Nc6 12. Nb5 Kf7 13. Qh7+ Ke8 14. Qg8 Qb8 15.
Nd6+ Kd8 16. Qxe6 Bxd6 17. exd6 Kc8 18. Bxd5 Nd8 19. Qg8 Bxd5 20. Qxd5 Qb7 21.
Qxb7+ Nxb7 22. d3 Nxd6 23. Bd2 Nb5 24. c3 Kc7 25. O-O-O Nf6 26. h3 Nh5 27. g4
Nf6 28. Rhg1 Rh8 29. Rg3 Rh4 30. gxf5 gxf5 31. Rg7+ Kd6 32. a4 Nc7 33. Re1 Rxh3
34. Rg6 1-0

[Event "Open Nord 2015/2016"]
[Site "Meyreuil"]
[Date "2015.10.01"]
[Round "3.13"]
[White "Scamaroni, Jean-Paul"]
[Black "Pietrac, Christian"]
[Result "1-0"]
[WhiteElo "1600"]
[BlackElo "1232"]
[PlyCount "95"]

1. d4 Nf6 2. c4 g6 3. Nc3 Bg7 4. e4 d6 5. f4 c5 6. d5 e6 7. Nf3 O-O 8. Be2 Qa5
9. O-O Qb6 10. Kh1 Re8 11. Qc2 Na6 12. a3 exd5 13. cxd5 Qd8 14. Bxa6 bxa6 15.
Bd2 Bd7 16. a4 Re7 17. Rae1 Rb8 18. h3 Rb7 19. Bc1 Rb4 20. Nd2 Qe8 21. Rf3 Bxa4
22. Nxa4 Qxa4 23. Qxa4 Rxa4 24. Rfe3 Nh5 25. g3 Bd4 26. Rf3 Rb4 27. g4 Ng7 28.
b3 f5 29. Ba3 Rb8 30. gxf5 Nxf5 31. e5 Nh4 32. Rff1 Nf5 33. Rf3 Nh4 34. Rd3 Rf8
35. Rxd4 Nf3 36. Nxf3 Rb7 37. Rd3 Rxf4 38. exd6 Rbf7 39. Kg2 c4 40. bxc4 Rxc4
41. Ng5 Rc2+ 42. Kg1 Rff2 43. Nf3 Rg2+ 44. Kh1 Rge2 45. Rxe2 Rxe2 46. d7 Kf7
47. d8=Q Re8 48. Ng5+ 1-0

[Event "Open Nord 2015/2016"]
[Site "Meyreuil"]
[Date "2015.11.06"]
[Round "3.14"]
[White "Cortes, Maria"]
[Black "Marcant, Jean-Marc"]
[Result "0-1"]
[WhiteElo "1158"]
[BlackElo "1399"]
[PlyCount "110"]

1. Nc3 e5 2. e3 Nc6 3. Nf3 d5 4. e4 d4 5. Nb5 Nf6 6. d3 Bc5 7. c3 a6 8. Na3 O-O
9. Be2 Be6 10. c4 Nb4 11. O-O c6 12. b3 b5 13. cxb5 axb5 14. Nxe5 Qc7 15. Bf4
Rxa3 16. Qc1 Rfa8 17. Nf3 Rxa2 18. Bxc7 Rxa1 19. Qxc5 Rxf1+ 20. Bxf1 Na6 21.
Qxc6 Nxc7 22. Qxc7 h6 23. e5 Nd5 24. Qc6 Rb8 25. Nxd4 Rb6 26. Qc8+ Bxc8 27. h4
b4 28. g3 Ra6 29. Nb5 Ra1 30. Nd6 Ba6 31. Nf5 Bxd3 32. g4 Bxf1 33. Kh2 Rb1 34.
Nd4 Rb2 35. Kg3 Be2 36. g5 hxg5 37. hxg5 Bd1 38. e6 fxe6 39. f3 Bxb3 40. Nxe6
Re2 41. Nd4 Re3 42. Nf5 Rd3 43. g6 Ba2 44. Nh4 b3 45. Kg4 b2 46. Nf5 Ne3+ 47.
Kf4 Nxf5 48. Ke4 Rd8 49. Kxf5 b1=Q+ 50. Kg5 Qb5+ 51. Kf4 Rd3 52. Kg3 Qg5+ 53.
Kf2 Qe3+ 54. Kg2 Qxf3+ 55. Kh2 Qe2+ 0-1

[Event "Open Nord 2015/2016"]
[Site "Meyreuil"]
[Date "2015.11.06"]
[Round "3.15"]
[White "Person, Claude"]
[Black "Schoeni, Christine"]
[Result "1-0"]
[WhiteElo "1217"]
[BlackElo "1120"]
[PlyCount "114"]

1. Nf3 d6 2. e4 e5 3. h3 Nf6 4. Nc3 c6 5. Be2 Be7 6. d4 O-O 7. dxe5 dxe5 8.
Qxd8 Rxd8 9. Nxe5 Be6 10. O-O a6 11. Be3 Bd6 12. Rad1 h6 13. Bc5 Ne8 14. Bb6
Rc8 15. Nc4 Be7 16. Be3 Nd7 17. Nb6 Nxb6 18. Bxb6 Nc7 19. a3 Kf8 20. Na4 Ke8
21. Be3 Rd8 22. Nb6 Rab8 23. c4 Rxd1 24. Rxd1 c5 25. Bf4 Rd8 26. Bxc7 Rxd1+ 27.
Bxd1 Kf8 28. Bd8 Bxd8 29. Nd5 b5 30. b3 bxc4 31. bxc4 f6 32. Bb3 Kg8 33. a4 a5
34. Nf4 Kf7 35. Nd3 Be7 36. g4 Bd7 37. Kg2 Bd6 38. f4 g6 39. Kf3 h5 40. f5 g5
41. gxh5 Kg7 42. Kg4 Kh6 43. h4 Be8 44. hxg5+ fxg5 45. e5 Bf8 46. Kf3 Bc6+ 47.
Kg4 Be4 48. Nf2 Bc6 49. Bc2 Bg7 50. f6 Bd7+ 51. Bf5 Bxf5+ 52. Kxf5 Bf8 53. Nh3
Kxh5 54. Nxg5 Bh6 55. Nf7 Be3 56. e6 Bh6 57. Nxh6 Kxh6 1-0

[Event "Open Nord 2015/2016"]
[Site "Meyreuil"]
[Date "2015.11.20"]
[Round "4.1"]
[White "Schiano-Lomoriello, Didier"]
[Black "Tchifteyan, Philippe"]
[Result "1-0"]
[WhiteElo "1580"]
[BlackElo "1685"]
[PlyCount "97"]

1. e4 e5 2. Nf3 d6 3. d4 Nc6 4. Bb5 Bd7 5. c3 Nf6 6. O-O a6 7. Bxc6 Bxc6 8.
dxe5 dxe5 9. Nxe5 Bxe4 10. Qe2 Qe7 11. Bf4 O-O-O 12. Nd2 Bd3 13. Qe3 Nd5 14.
Qxd3 Nxf4 15. Qf5+ Ne6 16. Nxf7 g6 17. Qf3 Rxd2 18. Nxh8 Nd8 19. Rfe1 Qg7 20.
Re8 Qxh8 21. Qxf8 Qxf8 22. Rxf8 Kd7 23. b3 Ke7 24. Rf3 Ne6 25. g3 Ng5 26. Re3+
Kd7 27. Kg2 Ne6 28. Ree1 Nc5 29. Rad1 Rd6 30. Rxd6+ cxd6 31. Re2 b5 32. f4 Ne6
33. Rd2 Kc6 34. Kf3 d5 35. g4 Nc5 36. f5 gxf5 37. gxf5 a5 38. Kf4 b4 39. cxb4
axb4 40. Ke5 Nd7+ 41. Ke6 Nc5+ 42. Ke7 Ne4 43. Rc2+ Nc3 44. f6 d4 45. f7 d3 46.
Rd2 Nd5+ 47. Ke6 Nc7+ 48. Ke5 Kd7 49. f8=Q 1-0

[Event "Open Nord 2015/2016"]
[Site "Meyreuil"]
[Date "2015.11.20"]
[Round "4.2"]
[White "Amoros, Jean"]
[Black "Graells, Christian"]
[Result "0-1"]
[WhiteElo "1469"]
[BlackElo "1565"]
[PlyCount "62"]

1. e4 e5 2. Nf3 Nc6 3. Bc4 Nf6 4. d4 Nxe4 5. dxe5 Bc5 6. Qd5 O-O 7. Qxe4 Be7 8.
Nc3 d6 9. Be3 dxe5 10. Nd5 Bd6 11. O-O-O Kh8 12. Ng5 f5 13. Qh4 h6 14. Qh5 f4
15. Bd2 Qxg5 16. Qxg5 hxg5 17. g3 Bg4 18. Rde1 Bf3 19. Rhg1 Nd4 20. gxf4 b5 21.
Bd3 Bxd5 22. Rxg5 Nf3 23. Rh5+ Kg8 24. Rf1 Nxd2 25. Kxd2 e4 26. Bxb5 Bxf4+ 27.
Ke2 c6 28. c4 cxb5 29. cxd5 Rac8 30. Kd1 Rc1+ 31. Ke2 Rc2+ 0-1

[Event "Open Nord 2015/2016"]
[Site "Meyreuil"]
[Date "2015.11.20"]
[Round "4.3"]
[White "Jean, Nicolas"]
[Black "Vacher Coponat, Sebastien"]
[Result "1-0"]
[WhiteElo "1916"]
[BlackElo "1520"]
[PlyCount "78"]

1. e4 e5 2. Nf3 Nc6 3. Bc4 Nf6 4. d3 Bc5 5. c3 d6 6. Nbd2 Bg4 7. h3 Bh5 8. Nf1
a6 9. Ng3 Bg6 10. Bg5 Na5 11. b4 Nxc4 12. bxc5 Na5 13. Qa4+ Nc6 14. Rb1 Qc8 15.
cxd6 cxd6 16. Bxf6 gxf6 17. O-O b5 18. Qa3 Qd8 19. Nh4 Ne7 20. f4 Qb6+ 21. Kh1
exf4 22. Rxf4 Qe3 23. Rf3 Qd2 24. Rbf1 Nc8 25. Ngf5 Kd7 26. Qb3 Ra7 27. Nxg6
fxg6 28. Qf7+ Kc6 29. Nd4+ Kb6 30. Qxf6 Re8 31. Nb3 Qxa2 32. Qd4+ Kc6 33. Qd5+
Kb6 34. Ra1 Qb2 35. Qd4+ Kc6 36. Na5+ Kd7 37. Rf7+ Re7 38. Rxe7+ Kxe7 39. Rf1
Kd8 1-0

[Event "Open Nord 2015/2016"]
[Site "Meyreuil"]
[Date "2015.11.20"]
[Round "4.4"]
[White "Perdiolat, Francis"]
[Black "Mamah, Isabelle"]
[Result "0-1"]
[WhiteElo "1516"]
[BlackElo "1796"]
[PlyCount "62"]

1. e4 c5 2. Nc3 g6 3. g3 Bg7 4. Bg2 e6 5. d3 Ne7 6. Be3 b6 7. Nge2 Bb7 8. O-O
O-O 9. Qd2 d5 10. Bh6 d4 11. Bxg7 Kxg7 12. Nd1 Nbc6 13. f4 f5 14. Bf3 Qd7 15.
Kf2 Rad8 16. Rg1 Ng8 17. g4 Nce7 18. h4 Nf6 19. e5 Nxg4+ 20. Bxg4 fxg4 21. Rxg4
Qd5 22. Ke1 Qf3 23. Nf2 Nf5 24. h5 Ne3 25. Rg3 Qxh5 26. Ne4 Bxe4 27. dxe4 Qh1+
28. Rg1 Qxe4 29. Rc1 d3 30. Nc3 Nxc2+ 31. Kd1 Qf3+ 0-1

[Event "Open Nord 2015/2016"]
[Site "Meyreuil"]
[Date "2015.11.20"]
[Round "4.5"]
[White "Andriamandimbisoa, Mathieu"]
[Black "Andonian, Pierre"]
[Result "1-0"]
[WhiteElo "1722"]
[BlackElo "1495"]
[PlyCount "69"]

1. d4 Nf6 2. Nf3 e6 3. c4 d5 4. Nc3 c6 5. Bg5 Be7 6. e3 Ne4 7. Bxe7 Qxe7 8. Bd3
Nxc3 9. bxc3 O-O 10. O-O Nd7 11. e4 dxc4 12. Bxc4 Nb6 13. Bd3 Bd7 14. a4 Nc8
15. Re1 f6 16. Nh4 e5 17. Nf5 Bxf5 18. exf5 Nd6 19. Qh5 e4 20. Bxe4 Rae8 21.
Bd5+ cxd5 22. Rxe7 Rxe7 23. h3 Rc8 24. Qf3 Ne4 25. Rc1 Rec7 26. a5 Rc4 27. Qe3
Rxc3 28. Rxc3 Rxc3 29. Qe1 Rc8 30. f3 Ng5 31. Qe7 b6 32. a6 Nf7 33. Qxa7 b5 34.
Qb7 Rd8 35. a7 1-0

[Event "Open Nord 2015/2016"]
[Site "Meyreuil"]
[Date "2015.11.20"]
[Round "4.6"]
[White "Vialette, Eric"]
[Black "Bouriel, Michel"]
[Result "1-0"]
[WhiteElo "1686"]
[BlackElo "1465"]
[PlyCount "53"]

1. e4 c5 2. Nf3 d6 3. d4 cxd4 4. c3 dxc3 5. Nxc3 Nc6 6. Bc4 e6 7. O-O Be7 8. a3
Nf6 9. b4 O-O 10. Qc2 e5 11. h3 a6 12. Bb2 Qc7 13. Nd5 Qd8 14. Rfd1 b5 15. Bb3
Bb7 16. Qd3 Ne8 17. Rac1 Rc8 18. Qe3 Rb8 19. Nb6 Nf6 20. Nd5 Nxd5 21. Bxd5 Rc8
22. Bxc6 Rxc6 23. Rxc6 Bxc6 24. Nxe5 Bb7 25. Ng4 Bg5 26. Qg3 Be7 27. Nh6+ 1-0

[Event "Open Nord 2015/2016"]
[Site "Meyreuil"]
[Date "2015.11.20"]
[Round "4.7"]
[White "Pelopidas, Florian"]
[Black "Mignemi, Denis"]
[Result "1-0"]
[WhiteElo "1454"]
[BlackElo "1607"]
[PlyCount "55"]

1. d4 Nf6 2. c4 e6 3. Nc3 Bb4 4. e3 O-O 5. Nf3 d5 6. Bd3 dxc4 7. Bxc4 Nc6 8.
O-O b6 9. Qa4 Bxc3 10. bxc3 Bb7 11. Ba3 Ne7 12. Ne5 a6 13. Qc2 b5 14. Bd3 Re8
15. c4 bxc4 16. Qxc4 Bd5 17. Qc2 Bb7 18. Rab1 Rb8 19. Rfc1 Nfd5 20. Bxh7+ Kf8
21. Be4 f5 22. Bf3 g5 23. Ng6+ Kg7 24. Nxe7 Rxe7 25. Bxe7 Qxe7 26. Bxd5 exd5
27. Qxc7 Qxc7 28. Rxc7+ 1-0

[Event "Open Nord 2015/2016"]
[Site "Meyreuil"]
[Date "2015.11.20"]
[Round "4.8"]
[White "Corrias, Robert"]
[Black "Lemarchand, Fabien"]
[Result "0-1"]
[WhiteElo "1600"]
[BlackElo "1399"]
[PlyCount "88"]

1. Nf3 c5 2. c4 Nf6 3. Nc3 Nc6 4. d3 g6 5. g3 Bg7 6. Bg2 d5 7. O-O e6 8. Bg5 h6
9. cxd5 exd5 10. Bd2 Be6 11. Qc1 Qd7 12. Rd1 a6 13. e4 Nd4 14. Nxd4 cxd4 15.
Ne2 dxe4 16. dxe4 Rc8 17. Qb1 Bc4 18. Nf4 g5 19. Nd3 Qb5 20. a4 Qb6 21. Ne5 Bb3
22. Rc1 O-O 23. Qd3 Rxc1+ 24. Rxc1 Bxa4 25. b3 Bc6 26. Nxc6 bxc6 27. e5 Nd5 28.
Bxd5 cxd5 29. f4 gxf4 30. Bxf4 Re8 31. Rd1 Bxe5 32. Bxe5 Rxe5 33. Kg2 Re4 34.
Rd2 Qb5 35. Qxb5 axb5 36. Rd3 Kf8 37. h3 Ke7 38. Kf3 f5 39. b4 h5 40. h4 Ke6
41. Ra3 d3 42. Rxd3 Rxb4 43. Ke3 Ke5 44. Kd2 Rd4 0-1

[Event "Open Nord 2015/2016"]
[Site "Meyreuil"]
[Date "2015.11.20"]
[Round "4.9"]
[White "Scamaroni, Jean-Paul"]
[Black "Salvi, Michel"]
[Result "1-0"]
[WhiteElo "1600"]
[BlackElo "1706"]
[PlyCount "65"]

1. d4 f5 2. Nc3 Nf6 3. Bg5 e6 4. e4 Be7 5. Bxf6 Bxf6 6. e5 Be7 7. Qh5+ Kf8 8.
f4 b5 9. Bxb5 Bb7 10. Bf1 c5 11. O-O-O cxd4 12. Rxd4 Nc6 13. Rd1 Nb4 14. a3 Nd5
15. Nxd5 Bxd5 16. Rxd5 exd5 17. Qxf5+ Kg8 18. Bb5 g6 19. Qxd7 Qf8 20. Qe6+ Kg7
21. Ne2 Bxa3 22. Qf6+ Qxf6 23. exf6+ Kxf6 24. bxa3 a6 25. Bd3 a5 26. a4 Rhe8
27. Ng3 Rad8 28. Kd2 d4 29. Ne4+ Kg7 30. Rb1 Re7 31. Rb5 Ra7 32. Nc5 Rf8 33.
Ne6+ 1-0

[Event "Open Nord 2015/2016"]
[Site "Meyreuil"]
[Date "2015.11.20"]
[Round "4.10"]
[White "Cens, Alain"]
[Black "Person, Claude"]
[Result "1-0"]
[WhiteElo "1670"]
[BlackElo "1217"]
[PlyCount "80"]

1. e4 c5 2. Nc3 d6 3. g3 b6 4. Bg2 Bb7 5. d3 Qd7 6. Be3 e6 7. f4 Nf6 8. Qe2 b5
9. Nf3 b4 10. Nd1 h6 11. Nf2 a5 12. O-O Be7 13. f5 e5 14. g4 Qc6 15. g5 hxg5
16. Bxg5 Nbd7 17. a3 a4 18. axb4 cxb4 19. Bd2 d5 20. Nxe5 Nxe5 21. exd5 Qd6 22.
Bf4 Nfd7 23. d4 Ba6 24. Nd3 Bxd3 25. cxd3 Qb6 26. Bxe5 f6 27. d6 Ra7 28. Bg3
Ne5 29. dxe7 Rxe7 30. Bf2 Nd7 31. Qg4 Nf8 32. d5 Qb8 33. Bg3 Qa7+ 34. Kh1 Qa6
35. Qxb4 Rb7 36. Qe4+ Kf7 37. Rxa4 Qb6 38. d6 Rd7 39. Qd5+ Ke8 40. Re1+ Ne6 1-0

[Event "Open Nord 2015/2016"]
[Site "Meyreuil"]
[Date "2015.11.20"]
[Round "4.11"]
[White "Hidreau, Olivier"]
[Black "Husson, Etienne"]
[Result "1-0"]
[WhiteElo "1440"]
[BlackElo "1090"]
[PlyCount "51"]

1. e4 e6 2. d4 d5 3. Nc3 Bb4 4. e5 c5 5. Qg4 Ne7 6. Qxg7 Rg8 7. Qxh7 cxd4 8.
Qd3 dxc3 9. bxc3 Ba5 10. Bd2 Nbc6 11. f4 Qb6 12. Qb5 Qxb5 13. Bxb5 Rxg2 14.
O-O-O a6 15. Bd3 b5 16. Ne2 Bb6 17. a3 Nf5 18. h4 Ke7 19. Rh3 d4 20. Nxd4 Ncxd4
21. Be4 Ne2+ 22. Kb2 Nxc3 23. Bxc3 Rg3 24. Rxg3 Nxg3 25. Bxa8 Ne2 26. Bb4+ 1-0

[Event "Open Nord 2015/2016"]
[Site "Meyreuil"]
[Date "2015.11.20"]
[Round "4.12"]
[White "Salvi, Angele"]
[Black "Lupinacci, Patrick"]
[Result "0-1"]
[WhiteElo "1027"]
[BlackElo "1440"]
[PlyCount "64"]

1. e4 c5 2. Nf3 d6 3. d4 cxd4 4. Nxd4 Nf6 5. Nc3 a6 6. Be2 e6 7. Be3 Be7 8. Qd2
O-O 9. h3 Nc6 10. O-O-O Bd7 11. g4 b5 12. a3 b4 13. g5 bxc3 14. Qxc3 Nxe4 15.
Qd3 d5 16. h4 Ne5 17. Qb3 Rb8 18. Qa2 Bb5 19. f4 Bxe2 20. Nxe2 Nc4 21. Bd4 Bc5
22. Rh2 Bxd4 23. Nxd4 Qb6 24. b3 Nc3 25. Qa1 Nxd1 26. Kxd1 Ne3+ 27. Ke2 Nf5 28.
Nxf5 exf5 29. Rh3 Rfe8+ 30. Kd2 Qf2+ 31. Kc3 Rbc8+ 32. Kb2 Qxc2# 0-1